[Event "DEM U12 2023"]
[Site "Willingen GER"]
[Date "2023.06.02"]
[Round "8"]
[White "Spielvogel, Oliver"]
[Black "Lehmann, Anton"]
[Result "0-1"]
[Termination "normal"]
[Board "28"]
[WhiteElo "1304"]
[BlackElo "1285"]
[WhiteClock "00:34:23"]
[BlackClock "00:46:59"]
[PlyCount "90"]
[WhiteFideId "16296494"]
[BlackFideId "34660267"]
[EventCountry "GER"]
[EventRounds "9"]
[EventType "swiss"]
[EventDate "2023.05.27"]

1. d4 {[%clk 01:30:58]} Nf6 {[%clk 01:30:57]} {[%emt 00:00:04]} 2. Nf3 {[%clk
01:31:22]} {[%emt 00:00:07]} e6 {[%clk 01:31:22]} {[%emt 00:00:05]} 3. e3
{[%clk 01:31:47]} {[%emt 00:00:05]} d5 {[%clk 01:31:48]} {[%emt 00:00:05]} 4.
b3 {[%clk 01:32:08]} {[%emt 00:00:07]} c5 {[%clk 01:32:06]} {[%emt 00:00:13]}
5. Bb2 {[%clk 01:32:29]} {[%emt 00:00:08]} Nc6 {[%clk 01:32:28]} {[%emt
00:00:10]} 6. Bd3 {[%clk 01:32:54]} {[%emt 00:00:05]} Bd6 {[%clk 01:32:08]}
{[%emt 00:00:50]} 7. O-O {[%clk 01:33:09]} {[%emt 00:00:14]} O-O {[%clk
01:32:14]} {[%emt 00:00:24]} 8. Ne5 {[%clk 01:33:34]} {[%emt 00:00:05]} Qc7
{[%clk 01:30:09]} {[%emt 00:02:36]} 9. f4 {[%clk 01:32:43]} {[%emt 00:01:20]}
Ne4 {[%clk 01:18:07]} {[%emt 00:12:33]} 10. Nd2 {[%clk 01:32:16]} {[%emt
00:00:56]} f5 {[%clk 01:18:09]} {[%emt 00:00:28]} 11. a3 {[%clk 01:31:30]}
{[%emt 00:01:15]} Nxe5 {[%clk 01:11:52]} {[%emt 00:06:47]} 12. dxe5 {[%clk
01:31:36]} {[%emt 00:00:24]} Be7 {[%clk 01:12:03]} {[%emt 00:00:20]} 13. Nxe4
{[%clk 01:23:05]} {[%emt 00:09:00]} fxe4 {[%clk 01:11:59]} {[%emt 00:00:34]}
14. Be2 {[%clk 01:23:23]} {[%emt 00:00:10]} Bd7 {[%clk 01:11:41]} {[%emt
00:00:51]} 15. c4 {[%clk 01:21:15]} {[%emt 00:02:37]} dxc4 {[%clk 01:10:01]}
{[%emt 00:02:12]} 16. Bxc4 {[%clk 01:21:32]} {[%emt 00:00:12]} b5 {[%clk
01:09:58]} {[%emt 00:00:33]} 17. Be2 {[%clk 01:20:18]} {[%emt 00:01:41]} Rad8
{[%clk 01:07:33]} {[%emt 00:02:57]} 18. Qc2 {[%clk 01:20:11]} {[%emt 00:00:36]}
Bc6 {[%clk 01:07:37]} {[%emt 00:00:28]} 19. Rfd1 {[%clk 01:18:30]} {[%emt
00:02:11]} Qb6 {[%clk 01:01:09]} {[%emt 00:06:59]} 20. Bg4 {[%clk 01:00:06]}
{[%emt 00:18:52]} Bd5 {[%clk 00:59:56]} {[%emt 00:01:45]} 21. Re1 {[%clk
00:57:34]} {[%emt 00:03:01]} b4 {[%clk 00:58:11]} {[%emt 00:02:16]} 22. axb4
{[%clk 00:56:18]} {[%emt 00:01:46]} Qxb4 {[%clk 00:58:23]} {[%emt 00:00:18]}
23. Qc3 {[%clk 00:48:59]} {[%emt 00:07:48]} Qxb3 {[%clk 00:55:02]} {[%emt
00:03:52]} 24. Qxb3 {[%clk 00:49:15]} {[%emt 00:00:14]} Bxb3 {[%clk 00:55:27]}
{[%emt 00:00:05]} 25. Rxa7 {[%clk 00:49:37]} {[%emt 00:00:08]} Rf7 {[%emt
00:03:01]} 26. Rb1 {[%clk 00:47:50]} Bd5 {[%clk 00:54:29]} {[%emt 00:01:13]}
27. Ba3 {[%clk 00:45:46]} {[%emt 00:02:34]} Bf8 {[%clk 00:52:58]} {[%emt
00:02:01]} 28. Rxf7 {[%clk 00:43:37]} Kxf7 {[%clk 00:53:22]} {[%emt 00:02:44]}
29. Rc1 {[%clk 00:43:27]} {[%emt 00:00:41]} c4 {[%clk 00:51:52]} {[%emt
00:02:00]} 30. Bxf8 {[%clk 00:42:07]} {[%emt 00:01:49]} Kxf8 {[%clk 00:52:17]}
{[%emt 00:00:06]} 31. Be2 {[%clk 00:42:31]} {[%emt 00:00:05]} Rc8 {[%clk
00:52:28]} {[%emt 00:00:20]} 32. Kf1 {[%clk 00:41:35]} {[%emt 00:01:25]} c3
{[%clk 00:52:39]} {[%emt 00:00:19]} 33. Ke1 {[%clk 00:41:49]} {[%emt 00:00:16]}
Bb3 {[%clk 00:51:04]} {[%emt 00:02:05]} 34. Bd1 {[%clk 00:41:57]} {[%emt
00:00:21]} c2 {[%clk 00:51:29]} {[%emt 00:00:06]} 35. Be2 {[%clk 00:41:04]}
{[%emt 00:01:22]} Rd8 {[%clk 00:50:50]} {[%emt 00:01:10]} 36. g3 {[%clk
00:40:56]} {[%emt 00:00:36]} Rd5 {[%clk 00:48:46]} {[%emt 00:02:36]} 37. Ra1
{[%clk 00:40:38]} {[%emt 00:00:47]} Ke7 {[%clk 00:48:11]} {[%emt 00:01:06]} 38.
Ra7+ {[%clk 00:39:52]} {[%emt 00:01:15]} Kd8 {[%clk 00:48:23]} {[%emt
00:00:19]} 39. Ra1 {[%clk 00:37:37]} {[%emt 00:02:45]} Kc7 {[%emt 00:02:11]}
40. Rc1 {[%clk 00:37:58]} {[%emt 00:00:08]} Rd8 {[%emt 00:01:26]} 41. Ra1
{[%clk 00:36:59]} {[%emt 00:01:27]} Kb6 {[%clk 00:45:51]} {[%emt 00:00:28]} 42.
h3 {[%clk 00:35:07]} {[%emt 00:02:19]} Kc5 {[%clk 00:46:01]} {[%emt 00:00:23]}
43. Ra5+ {[%clk 00:34:57]} {[%emt 00:00:41]} Kb4 {[%clk 00:46:15]} {[%emt
00:00:16]} 44. Rb5+ {[%clk 00:34:16]} {[%emt 00:01:10]} Kc3 {[%clk 00:46:36]}
{[%emt 00:00:08]} 45. Rc5+ {[%clk 00:34:23]} {[%emt 00:00:23]} Kb2 {[%clk
00:46:59]} {[%emt 00:00:08]} 0-1

[Event "DEM U12 2023"]
[Site "Willingen GER"]
[Date "2023.06.03"]
[Round "9"]
[White "Glöckler, Christian"]
[Black "Ratushnyi, Viktor"]
[Result "1-0"]
[Termination "normal"]
[Board "1"]
[WhiteTitle "FM"]
[WhiteElo "2288"]
[BlackElo "1627"]
[WhiteClock "01:20:15"]
[BlackClock "00:25:43"]
[PlyCount "123"]
[WhiteFideId "34608966"]
[BlackFideId "34167293"]
[EventCountry "GER"]
[EventRounds "9"]
[EventType "swiss"]
[EventDate "2023.05.27"]

1. d4 {[%clk 01:30:56]} {[%emt 00:00:03]} Nf6 {[%clk 01:30:54]} {[%emt
00:00:06]} 2. c4 {[%clk 01:31:20]} {[%emt 00:00:06]} g6 {[%clk 01:31:21]}
{[%emt 00:00:04]} 3. Nc3 {[%clk 01:31:41]} {[%emt 00:00:09]} Bg7 {[%clk
01:31:47]} {[%emt 00:00:03]} 4. e4 {[%clk 01:31:55]} {[%emt 00:00:16]} d6
{[%clk 01:32:12]} {[%emt 00:00:05]} 5. h3 {[%clk 01:32:17]} {[%emt 00:00:08]}
O-O {[%clk 01:32:14]} {[%emt 00:00:28]} 6. Be3 {[%clk 01:32:07]} {[%emt
00:00:41]} Nc6 {[%clk 01:28:53]} {[%emt 00:03:51]} 7. Nge2 {[%clk 01:31:32]}
{[%emt 00:01:04]} e5 {[%clk 01:27:16]} {[%emt 00:02:08]} 8. d5 {[%clk
01:31:42]} {[%emt 00:00:20]} Nd4 {[%clk 01:26:17]} {[%emt 00:01:28]} 9. f3
{[%clk 01:29:17]} {[%emt 00:02:55]} Nxe2 {[%clk 01:23:44]} {[%emt 00:03:02]}
10. Nxe2 {[%clk 01:29:23]} {[%emt 00:00:25]} Nh5 {[%clk 01:22:57]} {[%emt
00:01:18]} 11. Qd2 {[%clk 01:28:10]} {[%emt 00:01:42]} f5 {[%clk 01:20:34]}
{[%emt 00:02:53]} 12. exf5 {[%clk 01:25:49]} {[%emt 00:02:52]} gxf5 {[%clk
01:20:53]} {[%emt 00:00:10]} 13. g4 {[%clk 01:24:48]} {[%emt 00:01:32]} Nf4
{[%clk 01:19:52]} {[%emt 00:01:31]} 14. Nxf4 {[%clk 01:23:14]} {[%emt
00:02:04]} exf4 {[%clk 01:20:14]} {[%emt 00:00:08]} 15. Bf2 {[%clk 01:23:28]}
{[%emt 00:00:16]} Re8+ {[%clk 01:14:38]} {[%emt 00:06:05]} 16. Kd1 {[%clk
01:21:45]} {[%emt 00:02:14]} Qf6 {[%clk 01:11:56]} {[%emt 00:03:12]} 17. Rb1
{[%clk 01:21:31]} {[%emt 00:00:43]} c6 {[%clk 01:10:06]} {[%emt 00:02:20]} 18.
g5 {[%clk 01:20:20]} {[%emt 00:01:41]} Qf7 {[%clk 01:05:24]} {[%emt 00:05:13]}
19. h4 {[%clk 01:15:48]} {[%emt 00:05:02]} cxd5 {[%clk 01:03:37]} {[%emt
00:02:17]} 20. cxd5 {[%clk 01:15:21]} {[%emt 00:00:56]} Bd7 {[%clk 01:03:33]}
{[%emt 00:00:34]} 21. Bc4 {[%clk 01:13:51]} {[%emt 00:02:00]} b5 {[%clk
00:57:31]} {[%emt 00:06:32]} 22. Bb3 {[%clk 01:13:28]} {[%emt 00:00:53]} a5
{[%clk 00:56:48]} {[%emt 00:01:13]} 23. a3 {[%clk 01:12:52]} {[%emt 00:01:06]}
Re5 {[%clk 00:50:07]} {[%emt 00:07:11]} 24. Re1 {[%clk 01:06:24]} {[%emt
00:06:58]} Qe7 {[%clk 00:38:17]} {[%emt 00:12:21]} 25. Rc1 {[%clk 01:02:17]}
{[%emt 00:04:36]} a4 {[%clk 00:34:25]} {[%emt 00:04:22]} 26. Ba2 {[%clk
01:01:09]} {[%emt 00:01:36]} Rc8 {[%clk 00:33:08]} {[%emt 00:01:50]} 27. Rxc8+
{[%clk 01:00:03]} {[%emt 00:01:35]} Bxc8 {[%clk 00:33:29]} {[%emt 00:00:09]}
28. Rg1 {[%clk 01:00:22]} {[%emt 00:00:09]} Bd7 {[%clk 00:14:43]} {[%emt
00:19:18]} 29. h5 {[%clk 00:58:30]} {[%emt 00:02:23]} Be8 {[%clk 00:12:56]}
{[%emt 00:02:17]} 30. g6 {[%clk 00:56:49]} {[%emt 00:02:11]} h6 {[%clk
00:11:50]} {[%emt 00:01:36]} 31. Bd4 {[%clk 00:54:38]} {[%emt 00:02:41]} Re3
{[%clk 00:12:14]} {[%emt 00:00:06]} 32. Bxe3 {[%clk 00:53:31]} {[%emt
00:01:36]} fxe3 {[%clk 00:12:42]} {[%emt 00:00:03]} 33. Qd3 {[%clk 00:52:42]}
{[%emt 00:01:18]} Bxb2 {[%clk 00:11:19]} {[%emt 00:01:53]} 34. f4 {[%clk
00:51:41]} {[%emt 00:01:31]} e2+ {[%clk 00:05:21]} {[%emt 00:06:29]} 35. Kd2
{[%clk 00:50:37]} {[%emt 00:01:31]} Qe4 {[%clk 00:01:20]} {[%emt 00:04:33]} 36.
Qxe4 {[%clk 00:49:07]} {[%emt 00:02:01]} fxe4 {[%clk 00:01:48]} 37. Re1 {[%clk
00:47:29]} {[%emt 00:02:08]} Bd7 {[%clk 00:01:18]} {[%emt 00:01:01]} 38. Rxe2
{[%clk 00:47:30]} {[%emt 00:00:29]} Bf5 {[%clk 00:01:47]} 39. Bb1 {[%clk
00:47:29]} {[%emt 00:00:32]} e3+ {[%clk 00:01:43]} {[%emt 00:00:33]} 40. Kxe3
{[%clk 00:47:18]} {[%emt 00:00:41]} Bc1+ {[%clk 00:01:59]} {[%emt 00:00:12]}
41. Kf2 {[%clk 00:47:16]} {[%emt 00:00:33]} Bxb1 {[%clk 00:28:18]} {[%emt
00:04:11]} 42. Re1 {[%clk 01:17:23]} {[%emt 00:00:24]} Bxa3 {[%clk 00:28:40]}
{[%emt 00:00:08]} 43. Rxb1 {[%clk 01:17:39]} {[%emt 00:00:14]} b4 {[%clk
00:29:07]} {[%emt 00:00:03]} 44. Ra1 {[%clk 01:15:56]} {[%emt 00:02:12]} b3
{[%clk 00:29:24]} {[%emt 00:00:13]} 45. Ke2 {[%clk 01:16:02]} {[%emt 00:00:24]}
Bc5 {[%clk 00:20:56]} {[%emt 00:08:58]} 46. Rxa4 {[%clk 01:15:51]} {[%emt
00:00:41]} b2 {[%clk 00:21:13]} {[%emt 00:00:13]} 47. Ra8+ {[%clk 01:16:17]}
{[%emt 00:00:04]} Kg7 {[%clk 00:21:38]} {[%emt 00:00:06]} 48. Rb8 {[%clk
01:16:40]} {[%emt 00:00:06]} Bd4 {[%clk 00:22:00]} {[%emt 00:00:08]} 49. Rb7+
{[%clk 01:17:02]} {[%emt 00:00:09]} Kg8 {[%clk 00:22:22]} {[%emt 00:00:08]} 50.
Kd3 {[%clk 01:17:14]} {[%emt 00:00:17]} Bf6 {[%clk 00:22:47]} {[%emt 00:00:05]}
51. Ke4 {[%clk 01:17:20]} {[%emt 00:00:24]} Bc3 {[%clk 00:23:09]} {[%emt
00:00:08]} 52. Kf5 {[%clk 01:17:35]} {[%emt 00:00:15]} Bd4 {[%clk 00:23:08]}
{[%emt 00:00:32]} 53. Ke6 {[%clk 01:17:55]} {[%emt 00:00:09]} Bg7 {[%clk
00:22:51]} {[%emt 00:00:47]} 54. Rb8+ {[%clk 01:18:12]} {[%emt 00:00:13]} Bf8
{[%clk 00:23:17]} {[%emt 00:00:04]} 55. Rxb2 {[%clk 01:18:35]} {[%emt
00:00:07]} Kg7 {[%clk 00:23:43]} {[%emt 00:00:04]} 56. f5 {[%clk 01:18:55]}
{[%emt 00:00:10]} Kg8 {[%clk 00:23:54]} {[%emt 00:00:19]} 57. f6 {[%clk
01:19:02]} {[%emt 00:00:24]} Bg7 {[%clk 00:24:18]} {[%emt 00:00:04]} 58. Rb8+
{[%clk 01:19:18]} {[%emt 00:00:15]} Bf8 {[%clk 00:24:41]} {[%emt 00:00:07]} 59.
g7 {[%clk 01:19:39]} {[%emt 00:00:09]} Kh7 {[%clk 00:25:06]} {[%emt 00:00:04]}
60. gxf8=N+ {[%clk 01:19:58]} {[%emt 00:00:11]} Kg8 {[%clk 00:25:26]} {[%emt
00:00:10]} 61. Ng6+ {[%clk 01:20:07]} {[%emt 00:00:22]} Kh7 {[%clk 00:25:43]}
{[%emt 00:00:14]} 62. Rh8+ {[%clk 01:20:15]} {[%emt 00:00:21]} 1-0

[Event "DEM U12 2023"]
[Site "Willingen GER"]
[Date "2023.06.03"]
[Round "9"]
[White "Sydykov, Bayastan"]
[Black "Nezhyvenko, Mykhaylo"]
[Result "1-0"]
[Termination "normal"]
[Board "2"]
[WhiteElo "1939"]
[BlackElo "1787"]
[WhiteClock "00:36:43"]
[BlackClock "00:32:49"]
[PlyCount "57"]
[WhiteFideId "13829610"]
[BlackFideId "34139885"]
[EventCountry "GER"]
[EventRounds "9"]
[EventType "swiss"]
[EventDate "2023.05.27"]

1. e4 {[%clk 01:30:57]} {[%emt 00:00:03]} c6 {[%clk 01:31:00]} {[%emt
00:00:01]} 2. d4 {[%clk 01:31:14]} {[%emt 00:00:13]} d5 {[%clk 01:31:28]}
{[%emt 00:00:01]} 3. Nd2 {[%clk 01:31:22]} {[%emt 00:00:22]} dxe4 {[%clk
01:31:49]} {[%emt 00:00:09]} 4. Nxe4 {[%clk 01:31:40]} {[%emt 00:00:12]} Nf6
{[%clk 01:32:15]} {[%emt 00:00:03]} 5. Nxf6+ {[%clk 01:31:55]} {[%emt
00:00:16]} exf6 {[%clk 01:32:44]} 6. c3 {[%clk 01:32:14]} {[%emt 00:00:11]} Bd6
{[%clk 01:33:08]} {[%emt 00:00:06]} 7. Bd3 {[%clk 01:32:11]} {[%emt 00:00:33]}
O-O {[%clk 01:33:28]} {[%emt 00:00:10]} 8. Ne2 {[%clk 01:32:27]} {[%emt
00:00:14]} Nd7 {[%clk 01:33:14]} {[%emt 00:00:43]} 9. O-O {[%clk 01:32:12]}
{[%emt 00:00:45]} Re8 {[%clk 01:33:35]} {[%emt 00:00:09]} 10. Bf4 {[%clk
01:32:10]} {[%emt 00:00:32]} Nf8 {[%clk 01:33:18]} {[%emt 00:00:48]} 11. Bxd6
{[%clk 01:32:05]} {[%emt 00:00:36]} Qxd6 {[%clk 01:33:45]} {[%emt 00:00:02]}
12. Ng3 {[%clk 01:31:24]} {[%emt 00:01:10]} Ng6 {[%clk 01:32:39]} {[%emt
00:01:36]} 13. Ne4 {[%clk 01:28:47]} {[%emt 00:03:07]} Qd5 {[%clk 01:30:40]}
{[%emt 00:02:29]} 14. Re1 {[%clk 01:27:40]} {[%emt 00:01:37]} Be6 {[%clk
01:15:06]} {[%emt 00:16:05]} 15. b3 {[%clk 01:19:39]} {[%emt 00:08:31]} f5
{[%clk 01:00:33]} {[%emt 00:15:03]} 16. Nc5 {[%clk 01:07:54]} {[%emt 00:12:14]}
b5 {[%clk 00:53:28]} {[%emt 00:07:36]} 17. a4 {[%clk 01:04:48]} {[%emt
00:03:36]} a6 {[%clk 00:51:53]} {[%emt 00:02:05]} 18. a5 {[%clk 01:00:47]}
{[%emt 00:04:31]} Bd7 {[%clk 00:47:36]} {[%emt 00:04:47]} 19. Rxe8+ {[%clk
00:57:28]} {[%emt 00:03:49]} Rxe8 {[%clk 00:48:05]} {[%emt 00:00:01]} 20. Nxa6
{[%clk 00:55:56]} {[%emt 00:02:02]} Nh4 {[%clk 00:40:30]} {[%emt 00:08:05]} 21.
Bf1 {[%clk 00:41:20]} {[%emt 00:15:06]} f4 {[%clk 00:37:48]} {[%emt 00:03:12]}
22. Nc7 {[%clk 00:40:06]} {[%emt 00:01:44]} Qg5 {[%clk 00:36:58]} {[%emt
00:01:20]} 23. Nxe8 {[%clk 00:40:02]} {[%emt 00:00:33]} Bg4 {[%clk 00:36:26]}
{[%emt 00:01:02]} 24. Qd3 {[%clk 00:35:27]} {[%emt 00:05:05]} Nf3+ {[%clk
00:31:41]} {[%emt 00:05:15]} 25. Kh1 {[%clk 00:35:22]} {[%emt 00:00:35]} Qh5
{[%clk 00:31:44]} {[%emt 00:00:28]} 26. gxf3 {[%clk 00:35:32]} {[%emt
00:00:20]} Bxf3+ {[%clk 00:32:03]} {[%emt 00:00:11]} 27. Bg2 {[%clk 00:35:57]}
{[%emt 00:00:04]} Bxg2+ {[%clk 00:32:27]} {[%emt 00:00:07]} 28. Kxg2 {[%clk
00:36:21]} {[%emt 00:00:06]} Qg4+ {[%clk 00:32:49]} {[%emt 00:00:08]} 29. Kh1
{[%clk 00:36:43]} {[%emt 00:00:07]} 1-0

[Event "DEM U12 2023"]
[Site "Willingen GER"]
[Date "2023.06.03"]
[Round "9"]
[White "Buchinger, Alexis"]
[Black "Herrmann, Arthur"]
[Result "1-0"]
[Termination "normal"]
[Board "3"]
[WhiteElo "1943"]
[BlackElo "1875"]
[WhiteClock "00:07:46"]
[BlackClock "00:11:30"]
[PlyCount "131"]
[WhiteFideId "16287134"]
[BlackFideId "16287150"]
[EventCountry "GER"]
[EventRounds "9"]
[EventType "swiss"]
[EventDate "2023.05.27"]

1. e4 {[%clk 01:30:53]} {[%emt 00:00:07]} c6 {[%clk 01:30:58]} {[%emt
00:00:03]} 2. d4 {[%clk 01:31:07]} {[%emt 00:00:16]} d5 {[%clk 01:31:24]}
{[%emt 00:00:03]} 3. Nd2 {[%clk 01:31:29]} {[%emt 00:00:08]} dxe4 {[%clk
01:31:49]} {[%emt 00:00:06]} 4. Nxe4 {[%clk 01:31:53]} {[%emt 00:00:05]} Bf5
{[%clk 01:32:11]} {[%emt 00:00:08]} 5. Ng3 {[%clk 01:32:18]} {[%emt 00:00:05]}
Bg6 {[%clk 01:32:34]} {[%emt 00:00:07]} 6. h4 {[%clk 01:32:43]} {[%emt
00:00:05]} h6 {[%clk 01:32:54]} {[%emt 00:00:10]} 7. Nf3 {[%clk 01:32:58]}
{[%emt 00:00:15]} Nd7 {[%clk 01:33:18]} {[%emt 00:00:06]} 8. h5 {[%clk
01:33:22]} {[%emt 00:00:06]} Bh7 {[%clk 01:33:44]} {[%emt 00:00:04]} 9. Bd3
{[%clk 01:33:48]} {[%emt 00:00:04]} Bxd3 {[%clk 01:34:05]} {[%emt 00:00:09]}
10. Qxd3 {[%clk 01:34:15]} {[%emt 00:00:03]} e6 {[%clk 01:34:25]} {[%emt
00:00:10]} 11. Bd2 {[%clk 01:34:31]} {[%emt 00:00:15]} Ngf6 {[%clk 01:34:47]}
{[%emt 00:00:08]} 12. O-O-O {[%clk 01:34:49]} {[%emt 00:00:12]} Be7 {[%clk
01:35:06]} {[%emt 00:00:11]} 13. Ne4 {[%clk 01:35:05]} {[%emt 00:00:13]} Nxe4
{[%clk 01:35:29]} {[%emt 00:00:07]} 14. Qxe4 {[%clk 01:35:31]} {[%emt
00:00:05]} Nf6 {[%clk 01:35:46]} {[%emt 00:00:13]} 15. Qe2 {[%clk 01:35:25]}
{[%emt 00:00:35]} O-O {[%clk 01:32:35]} {[%emt 00:03:41]} 16. Kb1 {[%clk
01:22:42]} {[%emt 00:13:13]} Qd5 {[%clk 01:30:55]} {[%emt 00:02:10]} 17. Ne5
{[%clk 01:12:33]} {[%emt 00:10:39]} Qe4 {[%clk 01:26:30]} {[%emt 00:04:55]} 18.
Qxe4 {[%clk 01:12:05]} {[%emt 00:00:58]} Nxe4 {[%clk 01:26:55]} {[%emt
00:00:05]} 19. Be3 {[%clk 01:12:10]} {[%emt 00:00:25]} Rfd8 {[%clk 01:22:04]}
{[%emt 00:05:20]} 20. g4 {[%clk 01:10:19]} {[%emt 00:02:22]} c5 {[%clk
01:14:37]} {[%emt 00:07:57]} 21. f3 {[%clk 00:59:33]} {[%emt 00:11:16]} cxd4
{[%clk 01:13:23]} {[%emt 00:01:45]} 22. Bxd4 {[%clk 00:58:04]} {[%emt
00:01:59]} Bc5 {[%clk 01:10:26]} {[%emt 00:03:26]} 23. Bxc5 {[%clk 00:50:10]}
{[%emt 00:08:24]} Nxc5 {[%clk 01:10:51]} {[%emt 00:00:05]} 24. c3 {[%clk
00:42:54]} {[%emt 00:07:47]} Kf8 {[%clk 01:03:55]} {[%emt 00:07:25]} 25. Kc2
{[%clk 00:38:32]} {[%emt 00:04:52]} Ke7 {[%clk 01:02:28]} {[%emt 00:01:57]} 26.
b4 {[%clk 00:32:53]} {[%emt 00:06:08]} Nd7 {[%clk 00:56:50]} {[%emt 00:06:08]}
27. Nxd7 {[%clk 00:32:45]} {[%emt 00:00:39]} Rxd7 {[%clk 00:57:14]} {[%emt
00:00:07]} 28. Rxd7+ {[%clk 00:33:05]} {[%emt 00:00:10]} Kxd7 {[%clk 00:57:38]}
{[%emt 00:00:06]} 29. Rd1+ {[%clk 00:32:51]} {[%emt 00:00:44]} Kc7 {[%clk
00:53:45]} {[%emt 00:04:23]} 30. a4 {[%clk 00:31:25]} {[%emt 00:01:56]} g6
{[%clk 00:45:33]} {[%emt 00:08:41]} 31. hxg6 {[%clk 00:27:51]} {[%emt
00:04:04]} fxg6 {[%clk 00:45:20]} {[%emt 00:00:44]} 32. Rh1 {[%clk 00:26:45]}
{[%emt 00:01:34]} Rh8 {[%clk 00:45:02]} {[%emt 00:00:48]} 33. Kd3 {[%clk
00:26:47]} {[%emt 00:00:28]} Kd6 {[%clk 00:43:49]} {[%emt 00:01:44]} 34. Ke4
{[%clk 00:25:32]} {[%emt 00:01:45]} h5 {[%clk 00:37:27]} {[%emt 00:06:52]} 35.
Rh4 {[%clk 00:15:23]} {[%emt 00:10:35]} Rc8 {[%clk 00:34:41]} {[%emt 00:03:19]}
36. Kd3 {[%clk 00:14:05]} {[%emt 00:01:48]} hxg4 {[%clk 00:30:12]} {[%emt
00:05:00]} 37. Rxg4 {[%clk 00:13:43]} {[%emt 00:00:52]} Rf8 {[%clk 00:29:43]}
{[%emt 00:00:57]} 38. Ke3 {[%clk 00:11:04]} {[%emt 00:03:09]} Rg8 {[%clk
00:22:50]} {[%emt 00:07:24]} 39. c4 {[%clk 00:05:21]} {[%emt 00:06:14]} b6
{[%clk 00:18:59]} {[%emt 00:04:21]} 40. Rg5 {[%clk 00:03:04]} {[%emt 00:02:46]}
Rc8 {[%clk 00:14:42]} {[%emt 00:04:47]} 41. Kd4 {[%clk 00:02:18]} {[%emt
00:01:16]} Rf8 {[%clk 00:12:56]} {[%emt 00:02:15]} 42. c5+ {[%clk 00:21:28]}
{[%emt 00:11:21]} bxc5+ {[%clk 00:42:01]} {[%emt 00:01:26]} 43. bxc5+ {[%clk
00:20:46]} {[%emt 00:01:13]} Kd7 {[%clk 00:39:11]} {[%emt 00:03:18]} 44. Ke4
{[%clk 00:18:35]} {[%emt 00:02:41]} Rf5 {[%clk 00:24:11]} {[%emt 00:15:31]} 45.
Rxg6 {[%clk 00:12:45]} {[%emt 00:06:20]} Rxc5 {[%clk 00:24:26]} {[%emt
00:00:15]} 46. Rg7+ {[%clk 00:13:11]} {[%emt 00:00:03]} Kd6 {[%clk 00:23:47]}
{[%emt 00:01:09]} 47. Rxa7 {[%clk 00:12:03]} {[%emt 00:01:38]} Rc4+ {[%clk
00:23:44]} {[%emt 00:00:33]} 48. Kd3 {[%clk 00:11:59]} {[%emt 00:00:34]} Rf4
{[%clk 00:23:23]} {[%emt 00:00:52]} 49. Ke3 {[%clk 00:12:07]} {[%emt 00:00:21]}
Rb4 {[%clk 00:22:24]} {[%emt 00:01:28]} 50. Ra5 {[%clk 00:10:09]} {[%emt
00:02:28]} Rc4 {[%clk 00:20:44]} {[%emt 00:02:11]} 51. Ra8 {[%clk 00:08:39]}
{[%emt 00:02:01]} Rb4 {[%clk 00:19:03]} {[%emt 00:02:11]} 52. Kf2 {[%clk
00:08:21]} {[%emt 00:00:46]} e5 {[%clk 00:18:31]} {[%emt 00:01:35]} 53. a5
{[%clk 00:07:00]} {[%emt 00:02:20]} Rb2+ {[%clk 00:17:55]} {[%emt 00:01:05]}
54. Kg3 {[%clk 00:06:56]} {[%emt 00:00:33]} Ra2 {[%clk 00:13:30]} {[%emt
00:04:55]} 55. a6 {[%clk 00:07:05]} {[%emt 00:00:22]} Kc7 {[%clk 00:11:45]}
{[%emt 00:02:14]} 56. a7 {[%clk 00:06:49]} {[%emt 00:00:47]} Ra4 {[%clk
00:11:25]} {[%emt 00:00:50]} 57. Re8 {[%clk 00:05:48]} {[%emt 00:01:31]} Rxa7
{[%clk 00:09:51]} {[%emt 00:02:05]} 58. Re7+ {[%clk 00:06:04]} {[%emt
00:00:13]} Kb6 {[%clk 00:10:17]} {[%emt 00:00:04]} 59. Rxa7 {[%clk 00:06:17]}
{[%emt 00:00:18]} Kxa7 {[%clk 00:10:46]} {[%emt 00:00:01]} 60. Kg4 {[%clk
00:06:32]} {[%emt 00:00:15]} Kb6 {[%clk 00:09:52]} {[%emt 00:01:23]} 61. Kf5
{[%clk 00:06:56]} {[%emt 00:00:06]} Kc7 {[%clk 00:10:09]} {[%emt 00:00:13]} 62.
Kxe5 {[%clk 00:07:11]} {[%emt 00:00:14]} Kd7 {[%clk 00:10:36]} {[%emt
00:00:04]} 63. Kf6 {[%clk 00:06:39]} {[%emt 00:01:01]} Ke8 {[%clk 00:11:00]}
{[%emt 00:00:07]} 64. f4 {[%clk 00:06:59]} {[%emt 00:00:10]} Kf8 {[%clk
00:11:14]} {[%emt 00:00:15]} 65. f5 {[%clk 00:07:20]} {[%emt 00:00:09]} Kg8
{[%clk 00:11:30]} {[%emt 00:00:14]} 66. Ke7 {[%clk 00:07:46]} {[%emt 00:00:04]}
1-0